[Event "CRO-chT1A 30th"]
[Site "Porec"]
[Date "2022.09.27"]
[Round "4.5"]
[White "Medak, Bojan"]
[Black "Glavas, Dragan"]
[Result "1/2-1/2"]
[WhiteElo "2353"]
[BlackElo "2249"]
[PlyCount "32"]
[EventDate "2022.09.24"]
[EventType "team-tourn"]
[EventRounds "9"]
[EventCountry "CRO"]
[SourceTitle "CBM 210 Extra"]
[Source "ChessBase"]
[SourceDate "2022.11.30"]
[SourceVersion "1"]
[SourceVersionDate "2022.11.30"]
[SourceQuality "1"]
[WhiteTeam "Osijek Ferit"]
[BlackTeam "Pula"]
[WhiteTeamCountry "CRO"]
[BlackTeamCountry "CRO"]

1. c4 e6 2. Nc3 d5 3. d4 Nf6 4. cxd5 exd5 5. Bg5 Be7 6. e3 c6 7. Bd3 Nbd7 8. Qc2 0-0 9. Nge2 Re8 10. 0-0 h6 11. Bh4 Ne4 12. Bxe7 Qxe7 13. Rad1 Ndf6 14. h3 Bf5 15. Bxe4 Bxe4 16. Nxe4 Nxe4 1/2-1/2

[Event "CRO-chT1A 29th"]
[Site "Mali Losinj"]
[Date "2021.10.03"]
[Round "9.2"]
[White "Medak, Bojan"]
[Black "Palac, Mladen"]
[Result "1/2-1/2"]
[WhiteElo "2361"]
[BlackElo "2529"]
[PlyCount "44"]
[EventDate "2021.09.25"]
[EventType "team-tourn"]
[EventRounds "9"]
[EventCountry "CRO"]
[SourceTitle "CBM 204 Extra"]
[Source "ChessBase"]
[SourceDate "2021.11.30"]
[SourceVersion "1"]
[SourceVersionDate "2021.11.30"]
[SourceQuality "1"]
[WhiteTeam "Osijek Ferit"]
[BlackTeam "Zagreb Zagreb"]
[WhiteTeamCountry "CRO"]
[BlackTeamCountry "CRO"]

1. c4 e5 2. Nc3 Nf6 3. Nf3 Nc6 4. e3 Bb4 5. Qc2 Bxc3 6. Qxc3 Qe7 7. Be2 0-0 8. d4 e4 9. Nd2 d5 10. a3 Re8 11. Qc2 Bf5 12. Nf1 Qd7 13. Ng3 Be6 14. b3 Ne7 15. h4 Bg4 16. h5 Bxe2 17. Nxe2 Qg4 18. Nf4 g5 19. hxg6 hxg6 20. Qe2 Qxe2+ 21. Kxe2 Kg7 22. Bd2 c6 1/2-1/2

[Event "CRO-chT1A 29th"]
[Site "Mali Losinj"]
[Date "2021.10.02"]
[Round "8.4"]
[White "Kurajica, Bojan"]
[Black "Medak, Bojan"]
[Result "1-0"]
[WhiteElo "2512"]
[BlackElo "2361"]
[PlyCount "53"]
[EventDate "2021.09.25"]
[EventType "team-tourn"]
[EventRounds "9"]
[EventCountry "CRO"]
[SourceTitle "CBM 204 Extra"]
[Source "ChessBase"]
[SourceDate "2021.11.30"]
[SourceVersion "1"]
[SourceVersionDate "2021.11.30"]
[SourceQuality "1"]
[WhiteTeam "Solin Cemex"]
[BlackTeam "Osijek Ferit"]
[WhiteTeamCountry "CRO"]
[BlackTeamCountry "CRO"]

1. Nf3 g6 2. d4 Bg7 3. g3 c5 4. c3 Qa5 5. Bd2 Qb6 6. Qb3 Qxb3 7. axb3 Na6 8. dxc5 Nxc5 9. Be3 d6 10. b4 Na6 11. Bg2 Nf6 12. Nfd2 d5 13. h3 b6 14. 0-0 0-0 15. Nb3 e5 16. N1d2 Nc7 17. Ra2 Be6 18. Rfa1 Nb5 19. Bxb6 Rac8 20. Bc5 Rfd8 21. Ra5 Bd7 22. Bxa7 Nxa7 23. Rxa7 d4 24. Nc5 Bb5 25. c4 Bh6 26. Nf3 Bxc4 27. Nxe5 1-0

[Event "CRO-chT1A 29th"]
[Site "Mali Losinj"]
[Date "2021.09.30"]
[Round "6.3"]
[White "Jovanovic, Zoran"]
[Black "Medak, Bojan"]
[Result "1/2-1/2"]
[WhiteElo "2522"]
[BlackElo "2361"]
[PlyCount "46"]
[EventDate "2021.09.25"]
[EventType "team-tourn"]
[EventRounds "9"]
[EventCountry "CRO"]
[SourceTitle "CBM 204 Extra"]
[Source "ChessBase"]
[SourceDate "2021.11.30"]
[SourceVersion "1"]
[SourceVersionDate "2021.11.30"]
[SourceQuality "1"]
[WhiteTeam "Rijeka Liburnija"]
[BlackTeam "Osijek Ferit"]
[WhiteTeamCountry "CRO"]
[BlackTeamCountry "CRO"]

1. e4 Nc6 2. Nf3 d6 3. d4 Nf6 4. Nc3 g6 5. d5 Nb8 6. h3 Bg7 7. Bc4 0-0 8. 0-0 e5 9. dxe6 Bxe6 10. Bb3 Nc6 11. Re1 Re8 12. Bf4 h6 13. Qd2 Bxb3 14. axb3 Kh7 15. Rad1 Re6 16. Qd3 Qe8 17. Nd5 Rc8 18. Nxf6+ Bxf6 19. c3 a6 20. b4 Ne5 21. Bxe5 Bxe5 22. g3 Bf6 23. Kg2 Qb5 1/2-1/2

[Event "CRO-chT1A 28th"]
[Site "Mali Losinj"]
[Date "2019.10.06"]
[Round "9.16"]
[White "Medak, Bojan"]
[Black "Muse, Mladen"]
[Result "1/2-1/2"]
[WhiteElo "2351"]
[BlackElo "2387"]
[PlyCount "27"]
[EventDate "2019.09.28"]
[EventType "team-tourn"]
[EventRounds "9"]
[EventCountry "CRO"]
[SourceTitle "EXT 2020"]
[Source "ChessBase"]
[SourceDate "2019.10.17"]
[SourceVersion "1"]
[SourceVersionDate "2019.10.17"]
[SourceQuality "1"]
[WhiteTeam "Kastel Novi"]
[BlackTeam "Solin Cemex"]
[WhiteTeamCountry "CRO"]
[BlackTeamCountry "CRO"]

1. Nf3 d5 2. c4 e6 3. g3 Nf6 4. Bg2 Be7 5. 0-0 0-0 6. b3 b6 7. Bb2 Bb7 8. e3 c5 9. Qe2 Nc6 10. d3 Qc7 11. Nbd2 Rad8 12. a3 Rd7 13. Rac1 Qb8 14. d4 1/2-1/2

[Event "CRO-chT1A 28th"]
[Site "Mali Losinj"]
[Date "2019.10.04"]
[Round "7.16"]
[White "Medak, Bojan"]
[Black "Petrov, Jole"]
[Result "1/2-1/2"]
[WhiteElo "2351"]
[BlackElo "2418"]
[PlyCount "24"]
[EventDate "2019.09.28"]
[EventType "team-tourn"]
[EventRounds "9"]
[EventCountry "CRO"]
[SourceTitle "EXT 2020"]
[Source "ChessBase"]
[SourceDate "2019.10.17"]
[SourceVersion "1"]
[SourceVersionDate "2019.10.17"]
[SourceQuality "1"]
[WhiteTeam "Kastel Novi"]
[BlackTeam "Rijeka Rijeka"]
[WhiteTeamCountry "CRO"]
[BlackTeamCountry "CRO"]

1. d4 d5 2. c4 c6 3. cxd5 cxd5 4. Nc3 Nc6 5. Bf4 Nf6 6. e3 a6 7. Bd3 e6 8. Nf3 Be7 9. 0-0 Nh5 10. Be5 Nxe5 11. Nxe5 Nf6 12. Rc1 0-0 1/2-1/2

[Event "Oberliga Nord W 1920"]
[Site "Germany"]
[Date "2019.09.29"]
[Round "1.8"]
[White "Medak, Bojan"]
[Black "Buerckner, Hartmut"]
[Result "1-0"]
[WhiteElo "2351"]
[BlackElo "2167"]
[PlyCount "81"]
[EventDate "2019.09.29"]
[EventType "team-tourn"]
[EventRounds "9"]
[EventCountry "GER"]
[SourceTitle "CBM 195 Extra"]
[Source "ChessBase"]
[SourceDate "2020.05.31"]
[SourceVersion "1"]
[SourceVersionDate "2020.05.31"]
[SourceQuality "1"]

1. c4 c5 2. Nf3 Nf6 3. Nc3 g6 4. d4 cxd4 5. Nxd4 Bg7 6. g3 0-0 7. Bg2 Nc6 8. 0-0 Nxd4 9. Qxd4 d6 10. Qd2 a5 11. Rb1 Nd7 12. b3 Nc5 13. Bb2 Be6 14. Ne4 Nxe4 15. Bxe4 Bxb2 16. Rxb2 Qc7 17. h4 a4 18. h5 axb3 19. hxg6 fxg6 20. axb3 Ra5 21. Bxb7 Rb8 22. Be4 Qa7 23. Rc1 Ra3 24. Qd3 Bf7 25. Kg2 Qb6 26. Qd2 Qc5 27. b4 Qe5 28. Bf3 Ra4 29. c5 dxc5 30. Rxc5 Qd6 31. Qc3 e5 32. Bc6 Ra6 33. Rd2 Qf6 34. b5 Rab6 35. Rxe5 Kg7 36. Qe3 Rxc6 37. bxc6 Qxc6+ 38. Qe4 Qc1 39. Qd4 Kg8 40. Rd1 Qa3 41. Ra1 1-0

[Event "Pula op 33rd"]
[Site "Pula"]
[Date "2019.06.23"]
[Round "2"]
[White "Schaffert, Walter"]
[Black "Medak, Bojan"]
[Result "0-1"]
[WhiteElo "2055"]
[BlackElo "2342"]
[PlyCount "64"]
[EventDate "2019.06.22"]
[EventType "swiss"]
[EventRounds "9"]
[EventCountry "CRO"]
[SourceTitle "CBM 191 Extra"]
[Source "ChessBase"]
[SourceDate "2019.09.30"]
[SourceVersion "1"]
[SourceVersionDate "2019.09.30"]
[SourceQuality "1"]

1. e4 d6 2. d4 Nf6 3. Nc3 g6 4. f4 Bg7 5. Nf3 0-0 6. Bd3 Na6 7. 0-0 c5 8. d5 Rb8 9. a4 Nb4 10. Bc4 e6 11. dxe6 Bxe6 12. Bxe6 fxe6 13. e5 dxe5 14. Qe2 Nfd5 15. fxe5 Nxc3 16. bxc3 Nc6 17. Bg5 Qc7 18. Qc4 Nxe5 19. Qxe6+ Kh8 20. Nxe5 Qxe5 21. Qxe5 Bxe5 22. Bh6 Rxf1+ 23. Rxf1 Bxc3 24. Rf7 Kg8 25. Re7 a6 26. Kf1 b5 27. axb5 axb5 28. Ke2 Bf6 29. Rd7 Re8+ 30. Kd3 c4+ 31. Kd2 b4 32. Rb7 Bc3+ 0-1

[Event "CRO Cup"]
[Site "Mali Losinj"]
[Date "2019.05.18"]
[Round "5.64"]
[White "Medak, Bojan"]
[Black "Valkovic, Kristian"]
[Result "1-0"]
[WhiteElo "2347"]
[BlackElo "2055"]
[PlyCount "65"]
[EventDate "2019.05.15"]
[EventType "team-swiss"]
[EventRounds "6"]
[EventCountry "CRO"]
[SourceTitle "CBM 190 Extra"]
[Source "ChessBase"]
[SourceDate "2019.07.15"]
[SourceVersion "1"]
[SourceVersionDate "2019.07.15"]
[SourceQuality "1"]
[WhiteTeam "Kastel Novi Sedlar"]
[BlackTeam "Pula"]
[WhiteTeamCountry "CRO"]
[BlackTeamCountry "CRO"]

1. Nf3 g6 2. e4 d6 3. d4 Bg7 4. Bc4 Nf6 5. Qe2 0-0 6. e5 dxe5 7. dxe5 Nd5 8. h3 h6 9. 0-0 Be6 10. Rd1 c6 11. Nd4 Qc8 12. f4 Rd8 13. Nxe6 Qxe6 14. Nc3 Kh7 15. Qf3 Qf5 16. Nxd5 cxd5 17. Rxd5 Nc6 18. c3 Rxd5 19. Bxd5 Rd8 20. Be4 Qd7 21. Be3 e6 22. Bc2 Qc7 23. Rd1 Bf8 24. Rxd8 Qxd8 25. Qd1 Qa5 26. Qd7 Ne7 27. a4 b6 28. Be4 Kg7 29. Bb7 Nd5 30. b4 Bxb4 31. Bxd5 exd5 32. cxb4 Qxb4 33. Bf2 1-0

[Event "CRO Cup"]
[Site "Mali Losinj"]
[Date "2019.05.16"]
[Round "2.64"]
[White "Markovic, Franjo Josip"]
[Black "Medak, Bojan"]
[Result "0-1"]
[WhiteElo "2073"]
[BlackElo "2347"]
[PlyCount "98"]
[EventDate "2019.05.15"]
[EventType "team-swiss"]
[EventRounds "6"]
[EventCountry "CRO"]
[SourceTitle "CBM 190 Extra"]
[Source "ChessBase"]
[SourceDate "2019.07.15"]
[SourceVersion "1"]
[SourceVersionDate "2019.07.15"]
[SourceQuality "1"]
[WhiteTeam "Sveta Nedelja"]
[BlackTeam "Kastel Novi Sedlar"]
[WhiteTeamCountry "CRO"]
[BlackTeamCountry "CRO"]

1. d4 d6 2. Nf3 g6 3. c4 Bg7 4. Nc3 Nc6 5. d5 Ne5 6. Nxe5 Bxe5 7. e4 Nf6 8. Bd3 c6 9. h3 0-0 10. 0-0 e6 11. Be3 exd5 12. cxd5 cxd5 13. exd5 Nd7 14. Qd2 Nc5 15. Bh6 Bg7 16. Bxg7 Kxg7 17. b4 Nxd3 18. Qxd3 Qb6 19. Ne4 Bf5 20. Qc3+ f6 21. Ng3 Bd7 22. Rfe1 Rac8 23. Re7+ Rf7 24. Rxf7+ Kxf7 25. Qd2 Re8 26. h4 Re5 27. Qh6 Kg8 28. h5 Be8 29. Rc1 Qd4 30. hxg6 hxg6 31. Rc7 Bf7 32. Rxb7 Re1+ 33. Kh2 Qxf2 34. Rxf7 Kxf7 35. Qh7+ Kf8 36. Qh8+ Ke7 37. Qg7+ Kd8 38. Qxg6 Qf4 39. Qg8+ Re8 40. Qh7 Re7 41. Qh3 Kc7 42. Kg1 Re1+ 43. Kh2 Re3 44. a4 Kb6 45. a5+ Kb5 46. Qd7+ Kc4 47. Qc8+ Kb3 48. Qh3 Kxb4 49. a6 Ka5 0-1

[Event "CRO-chT1A 27th"]
[Site "Biograd"]
[Date "2018.09.10"]
[Round "3.55"]
[White "Palac, Mladen"]
[Black "Medak, Bojan"]
[Result "1/2-1/2"]
[WhiteElo "2540"]
[BlackElo "2367"]
[PlyCount "41"]
[EventDate "2018.09.08"]
[EventType "team-tourn"]
[EventRounds "9"]
[EventCountry "CRO"]
[SourceTitle "CBM 186 Extra"]
[Source "ChessBase"]
[SourceDate "2018.08.24"]
[SourceVersion "1"]
[SourceVersionDate "2018.08.24"]
[SourceQuality "1"]
[WhiteTeam "Zagreb Zagreb"]
[BlackTeam "Dakovo"]
[WhiteTeamCountry "CRO"]
[BlackTeamCountry "CRO"]

1. e4 Nc6 2. Nf3 d6 3. d4 Nf6 4. c3 g6 5. Bd3 Bg7 6. 0-0 0-0 7. Re1 e5 8. h3 Re8 9. Nbd2 Nh5 10. Nb3 a5 11. Bg5 Bf6 12. Be3 a4 13. Nbd2 a3 14. b4 exd4 15. Nxd4 Bg7 16. Rc1 Bd7 17. b5 Na5 18. f4 c5 19. N4b3 Nxb3 20. Nxb3 Qh4 21. Qd2 1/2-1/2

[Event "CRO Cup"]
[Site "Mali Losinj"]
[Date "2018.05.16"]
[Round "1.92"]
[White "Medak, Bojan"]
[Black "Tirkajla, Boris"]
[Result "1-0"]
[WhiteElo "2380"]
[BlackElo "2078"]
[PlyCount "97"]
[EventDate "2018.05.16"]
[EventType "team-swiss"]
[EventRounds "6"]
[EventCountry "CRO"]
[SourceTitle "CBM 184 Extra"]
[Source "ChessBase"]
[SourceDate "2018.06.28"]
[SourceVersion "1"]
[SourceVersionDate "2018.06.28"]
[SourceQuality "1"]
[WhiteTeam "Djakovo"]
[BlackTeam "Mali Losinj"]
[WhiteTeamCountry "CRO"]
[BlackTeamCountry "CRO"]

1. c4 f5 2. Nf3 Nf6 3. g3 g6 4. Bg2 Bg7 5. d4 0-0 6. b3 Ne4 7. Bb2 c5 8. 0-0 Nc6 9. e3 d6 10. Nbd2 e6 11. Qc2 Nb4 12. Qb1 Nxd2 13. Nxd2 cxd4 14. Bxd4 Bxd4 15. exd4 Qf6 16. a3 Na6 17. Qd3 Rb8 18. b4 b6 19. f4 Nc7 20. Rfe1 Rd8 21. Nb3 d5 22. c5 Ba6 23. Qe3 Bc4 24. Nd2 b5 25. Nf3 Qf8 26. Ne5 Qe8 27. g4 Ra8 28. Qg3 Qf8 29. g5 a5 30. Nc6 a4 31. Nxd8 Rxd8 32. Qe3 Re8 33. Qe5 Qg7 34. Rad1 Qxe5 35. dxe5 Re7 36. Kf2 Ne8 37. Bf1 Bxf1 38. Rxf1 Rc7 39. c6 Rxc6 40. Rc1 Rc4 41. Rxc4 dxc4 42. Rd1 c3 43. Rc1 Nc7 44. Rxc3 Nd5 45. Rc8+ Kf7 46. Kf3 Nb6 47. Rc5 Nc4 48. Rxc4 bxc4 49. Ke3 1-0

[Event "GER CupT final"]
[Site "Lemgo"]
[Date "2018.05.06"]
[Round "2.2"]
[White "Himpenmacher, Andy"]
[Black "Medak, Bojan"]
[Result "1/2-1/2"]
[WhiteElo "2216"]
[BlackElo "2380"]
[PlyCount "59"]
[EventDate "2018.05.05"]
[EventType "team-k.o."]
[EventRounds "2"]
[EventCountry "GER"]
[SourceTitle "CBM 184 Extra"]
[Source "ChessBase"]
[SourceDate "2018.06.28"]
[SourceVersion "1"]
[SourceVersionDate "2018.06.28"]
[SourceQuality "1"]
[WhiteTeam "Lieme"]
[BlackTeam "Kirchweyhe"]
[WhiteTeamCountry "GER"]
[BlackTeamCountry "GER"]

1. e4 d6 2. d4 Nf6 3. Nc3 g6 4. g3 Bg7 5. Bg2 0-0 6. Nge2 e5 7. h3 Nc6 8. Be3 Re8 9. d5 Ne7 10. Qd2 Bd7 11. 0-0 c6 12. dxc6 Bxc6 13. Rfd1 Nc8 14. a4 Qa5 15. Nd5 Qxd2 16. Nxf6+ Bxf6 17. Rxd2 Bd8 18. Nc3 Ba5 19. Rd3 Bxc3 20. Rxc3 f6 21. a5 a6 22. Rd1 Kf7 23. Rcd3 Re7 24. c4 Ke6 25. b4 f5 26. f3 Rc7 27. Bb6 Rd7 28. Be3 Rc7 29. Bb6 Rd7 30. Be3 1/2-1/2

[Event "CRO-chT1B 26th"]
[Site "Mali Losinj"]
[Date "2017.10.03"]
[Round "6.43"]
[White "Doric, Darko"]
[Black "Medak, Bojan"]
[Result "1-0"]
[WhiteElo "2467"]
[BlackElo "2398"]
[PlyCount "97"]
[EventDate "2017.09.28"]
[EventType "team-tourn"]
[EventRounds "9"]
[EventCountry "CRO"]
[SourceTitle "EXT 2018"]
[Source "ChessBase"]
[SourceDate "2017.10.13"]
[SourceVersion "1"]
[SourceVersionDate "2017.10.13"]
[SourceQuality "1"]
[WhiteTeam "Split Brda"]
[BlackTeam "Djakovo Limmont"]
[WhiteTeamCountry "CRO"]
[BlackTeamCountry "CRO"]

1. d4 d6 2. Nf3 g6 3. c4 Bg7 4. Nc3 Nc6 5. d5 Nb8 6. e4 Nf6 7. Be2 0-0 8. 0-0 a5 9. Nd4 Na6 10. Be3 Nc5 11. f3 e5 12. dxe6 Nxe6 13. Nxe6 Bxe6 14. Qd2 Nd7 15. Rad1 Re8 16. Rfe1 Qe7 17. Bf1 a4 18. Qc2 Nc5 19. Nd5 Qd8 20. Kh1 c6 21. Nf4 Qc7 22. Bd4 Be5 23. g3 Qe7 24. Be3 Bc8 25. Nd3 Nxd3 26. Bxd3 Bh3 27. f4 Bg7 28. Bf2 h5 29. Kg1 a3 30. b3 Bb2 31. Bf1 Bg4 32. Rb1 Qf6 33. h3 Be6 34. Rbd1 Rad8 35. Qd3 d5 36. cxd5 cxd5 37. exd5 Bf5 38. Rxe8+ Rxe8 39. Qb5 Rc8 40. d6 Rd8 41. Qxb7 h4 42. g4 Bc2 43. Rd2 Bb1 44. Qe7 Kg7 45. Qxf6+ Bxf6 46. d7 Bc3 47. Bb6 Bxd2 48. Bxd8 Be3+ 49. Kh1 1-0

[Event "CRO-chT1B 26th"]
[Site "Mali Losinj"]
[Date "2017.10.02"]
[Round "5.33"]
[White "Medak, Bojan"]
[Black "Galic, Ivan"]
[Result "1/2-1/2"]
[WhiteElo "2398"]
[BlackElo "2395"]
[PlyCount "31"]
[EventDate "2017.09.28"]
[EventType "team-tourn"]
[EventRounds "9"]
[EventCountry "CRO"]
[SourceTitle "EXT 2018"]
[Source "ChessBase"]
[SourceDate "2017.10.13"]
[SourceVersion "1"]
[SourceVersionDate "2017.10.13"]
[SourceQuality "1"]
[WhiteTeam "Djakovo Limmont"]
[BlackTeam "Dubrovnik"]
[WhiteTeamCountry "CRO"]
[BlackTeamCountry "CRO"]

1. d4 d5 2. c4 c6 3. Nc3 Nf6 4. cxd5 cxd5 5. Nf3 e6 6. Bf4 Be7 7. e3 0-0 8. Be2 Nc6 9. 0-0 Bd7 10. a3 Rc8 11. Ne5 Ne8 12. Rc1 Nd6 13. Nxc6 Rxc6 14. Bxd6 Bxd6 15. Qd2 Bc8 16. g3 1/2-1/2

[Event "CRO-chT1B 26th"]
[Site "Mali Losinj"]
[Date "2017.09.29"]
[Round "2.2"]
[White "Repka, Christopher"]
[Black "Medak, Bojan"]
[Result "1-0"]
[WhiteElo "2475"]
[BlackElo "2398"]
[PlyCount "37"]
[EventDate "2017.09.28"]
[EventType "team-tourn"]
[EventRounds "9"]
[EventCountry "CRO"]
[SourceTitle "EXT 2018"]
[Source "ChessBase"]
[SourceDate "2017.10.13"]
[SourceVersion "1"]
[SourceVersionDate "2017.10.13"]
[SourceQuality "1"]
[WhiteTeam "Zagreb Mladost"]
[BlackTeam "Djakovo Limmont"]
[WhiteTeamCountry "CRO"]
[BlackTeamCountry "CRO"]

1. d4 d6 2. e4 g6 3. Nc3 Bg7 4. Be3 c6 5. Qd2 Nd7 6. f3 b5 7. h4 h6 8. h5 g5 9. Nge2 Qc7 10. d5 b4 11. dxc6 Qxc6 12. Nd5 Ngf6 13. Nd4 Qb7 14. Ba6 Qb8 15. Nc6 Nxd5 16. Nxb8 Nxe3 17. Bxc8 Bxb2 18. Bxd7+ Kd8 19. Qxe3 1-0

[Event "CRO-chT1A 25th"]
[Site "Sibenik"]
[Date "2016.10.09"]
[Round "2.5"]
[White "Zovko, Mario"]
[Black "Medak, Bojan"]
[Result "1/2-1/2"]
[WhiteElo "2323"]
[BlackElo "2386"]
[PlyCount "119"]
[EventDate "2016.10.08"]
[EventType "team-tourn"]
[EventRounds "9"]
[EventCountry "CRO"]
[SourceTitle "EXT 2017"]
[Source "ChessBase"]
[SourceDate "2016.10.25"]
[SourceVersion "1"]
[SourceVersionDate "2016.10.25"]
[SourceQuality "1"]
[WhiteTeam "Vukovar 91"]
[BlackTeam "Zagreb Mladost"]
[WhiteTeamCountry "CRO"]
[BlackTeamCountry "CRO"]

1. e4 d6 2. d4 g6 3. c3 Nf6 4. Bd3 Bg7 5. Nf3 0-0 6. 0-0 c6 7. Re1 Qc7 8. h3 e5 9. Nbd2 Nbd7 10. a4 a5 11. Bc2 Re8 12. Nf1 b6 13. Ng3 Ba6 14. Be3 d5 15. Nxe5 Nxe5 16. dxe5 Nxe4 17. Nxe4 dxe4 18. Bxe4 Bxe5 19. Qc2 Re6 20. Rad1 Rae8 21. Bf3 Bh2+ 22. Kh1 Bf4 23. Qd2 Bxe3 24. Rxe3 Rxe3 25. fxe3 c5 26. Bd5 Qe5 27. e4 Kg7 28. c4 Bc8 29. Rf1 Re7 30. Qc2 Qg3 31. Rf3 Qe5 32. Qb3 Qd6 33. Qc3+ f6 34. Kg1 Bd7 35. b3 Qe5 36. Qd2 Be8 37. Qd3 g5 38. Rf5 Qd6 39. Qc3 h6 40. Rf2 Bg6 41. Qf3 Qe5 42. Re2 Qd6 43. Rf2 h5 44. Re2 Re5 45. Re3 Qe7 46. g4 hxg4 47. hxg4 Qc7 48. Re2 Re8 49. Rh2 Qb8 50. Bc6 Rh8 51. Rxh8 Qxh8 52. Qg3 Qh4 53. Qc7+ Kh6 54. Qc8 Qe1+ 55. Kh2 Qf2+ 56. Kh3 Bf7 57. Bd5 Qf3+ 58. Kh2 Qf2+ 59. Kh3 Qf3+ 60. Kh2 1/2-1/2

[Event "CRO Cup"]
[Site "Mali Losinj"]
[Date "2016.05.07"]
[Round "5.101"]
[White "Jurkovic, Ante"]
[Black "Medak, Bojan"]
[Result "1/2-1/2"]
[WhiteElo "2304"]
[BlackElo "2386"]
[PlyCount "77"]
[EventDate "2016.05.04"]
[EventType "team-swiss"]
[EventRounds "6"]
[EventCountry "CRO"]
[SourceTitle "CBM 172 Extra"]
[Source "ChessBase"]
[SourceDate "2016.06.21"]
[SourceVersion "1"]
[SourceVersionDate "2016.06.21"]
[SourceQuality "1"]
[WhiteTeam "Ravna Gora Goranka"]
[BlackTeam "Zagreb Mladost"]
[WhiteTeamCountry "CRO"]
[BlackTeamCountry "CRO"]

1. e4 d6 2. d4 Nf6 3. Nc3 g6 4. Nf3 Bg7 5. h3 c6 6. Be3 0-0 7. Qd2 Nbd7 8. Be2 e5 9. dxe5 dxe5 10. a4 Qe7 11. 0-0 Nc5 12. Bxc5 Qxc5 13. Rfd1 Re8 14. Qd6 Nd7 15. Qxc5 Nxc5 16. Bc4 Ne6 17. Ne2 Kf8 18. c3 Ke7 19. Nc1 Nc5 20. Nd3 Nxe4 21. Nfxe5 Nd6 22. Ba2 Kf8 23. Nf3 Bf5 24. Nc5 Rad8 25. Nd4 Bc8 26. a5 a6 27. Kf1 Bf6 28. Rd3 Ne4 29. Nxe4 Rxe4 30. Rad1 c5 31. Ne6+ Bxe6 32. Rxd8+ Bxd8 33. Bxe6 Bxa5 34. Bc8 Re7 35. Rd7 Rxd7 36. Bxd7 b5 37. Bc8 b4 38. cxb4 Bxb4 39. Bxa6 1/2-1/2